Marketing / (Record no. 17491)
[ view plain ]
| 000 -LEADER | |
|---|---|
| fixed length control field | 00455cam a2200181 i 4500 |
| 020 ## - INTERNATIONAL STANDARD BOOK NUMBER | |
| ISBN | 9780077861032 (alk. paper) |
| 020 ## - INTERNATIONAL STANDARD BOOK NUMBER | |
| ISBN | 0077861035 (alk. paper) |
| 040 ## - CATALOGING SOURCE | |
| Transcribing agency | DLC |
| 082 00 - DEWEY DECIMAL CLASSIFICATION NUMBER | |
| Classification number | 658 MCG 2015 A115 Or. |
| 100 1# - MAIN ENTRY--AUTHOR NAME | |
| Personal name | Kerin, Roger A. |
| 245 10 - TITLE STATEMENT | |
| Title | Marketing / |
| 250 ## - EDITION STATEMENT | |
| Edition statement | Twelfth edition. |
| 300 ## - PHYSICAL DESCRIPTION | |
| Number of Pages | xliv, 740 pages ; |
| Dimensions | 29 cm |
| 650 #0 - SUBJECT ADDED ENTRY--TOPICAL TERM | |
| Topical Term | Marketing. |
| 700 1# - ADDED ENTRY--PERSONAL NAME | |
| Personal name | Hartley, Steven William. |
| 700 1# - ADDED ENTRY--PERSONAL NAME | |
| Personal name | Rudelius, William. |
| 942 ## - ADDED ENTRY ELEMENTS (KOHA) | |
| Koha item type | ADB |
| 952 ## - LOCATION AND ITEM INFORMATION (KOHA) | |
| Withdrawn status [LOCAL, KOHA] | 0 |
| Permanent Location | Date acquired | Koha item type | Lost status | Shelving location | Barcode | Current Location | Full call number |
|---|---|---|---|---|---|---|---|
| Library Block A | 2018-12-03 | សៀវភៅភាសាអង់គ្លេស | A115 | A38005 | Library Block A | 658 MCG 2015 A115 Or. |